000 00671nam a2200241Ia 4500
003 OSt
005 20220926014644.0
006 a|||||r|||| 00| 0
007 ta
008 220923b |||||||| |||| 00| 0 eng d
037 _cGeneral Book
040 _aRTL
_cRTL
_beng
041 _2eng
_aeng
082 _aH1d, K9
100 _aDietrich Richard V
_9320907
245 0 _aMineral tables
_b Han-specimen properties of 1500 m
260 _aNew York
_bMcGraw-Hill U S A
_c1969
300 _a237p.
_ccm.
500 _aAppendix p. 211-22
650 _aGeology
_915465
942 _hH1d, K9
_cGB
_2CC
999 _c629554
_d629554